000
00289nam a22001337a 4500
003
SGT
020
_a
0-74811-0567-4
082
_a
614.1
_b
ROB
100
_a
ROBERTSON, JAMES
245
_a
FORENSIC EXAMINATION OF HAIR
260
_a
LONDON
_b
CRC
_c
1999
300
_a
267
942
_2
ddc
_c
BK
999
_c
22409
_d
22409